[Event "POLFINAL MISTRZOSTW POLSKI JUNIOROW 2016 - D13"]
[Site "Centrum Kongresow i Rekreacji Orle Gniazdo ul. Wrzosowa 28a, Szczyrk"]
[Date "1899-12-30"]
[Round "1.1"]
[White "Laszczuk, Zuzanna"]
[Black "Wojtas, Julia"]
[Result "0-1"]
[WhiteTitle "I"]
[BlackTitle "I"]
[WhiteElo "1229"]
[BlackElo "1387"]

1. e4 e6 2. d3 d5 3. Nd2 c5 4. g3 Nc6 5. Bg2 Nf6 6. Ngf3 Be7 7. O-O O-O 8. Re1
b5 9. c3 Bb7 10. h3 Qc7 11. Qc2 Rac8 12. b3 Rfd8 13. Bb2 dxe4 14. dxe4 a5 15.
a4 b4 16. c4 Nd4 17. Nxd4 cxd4 18. Qd3 e5 19. f4 Nd7 20. Nf3 Nc5 21. Qc2 d3 22.
Qd1 exf4 23. e5 fxg3 24. Rf1 Qb6 25. Nd4 Bxg2 26. Kxg2 f6 27. Nf5 Qb7+ 28. Kg1
fxe5 29. Bxe5 Nxb3 30. Qxb3 Bc5+ 31. Bd4 Rxd4 32. Qb2 Rf4+ 33. Nd4 Bxd4+ 34. Qxd4
Rxd4 35. Rad1 Qe4 36. Rde1 g2 37. Rxe4 gxf1=Q+ 38. Kxf1 Rxe4 0-1

[Event "POLFINAL MISTRZOSTW POLSKI JUNIOROW 2016 - D13"]
[Site "Centrum Kongresow i Rekreacji Orle Gniazdo ul. Wrzosowa 28a, Szczyrk"]
[Date "1899-12-30"]
[Round "1.2"]
[White "Nowicka, Julia"]
[Black "Bednarska, Julita"]
[Result "1-0"]
[WhiteTitle "I"]
[BlackTitle "II"]
[WhiteElo "1330"]
[BlackElo "1169"]

1. e4 e5 2. Nf3 Nc6 3. d4 exd4 4. Nxd4 Bc5 5. Nb3 Bb6 6. Nc3 Qf6 7. Qf3 Qxf3 8.
gxf3 Nge7 9. Na4 Nb4 10. Bd3 d6 11. Nxb6 axb6 12. a3 Nbc6 13. f4 f5 14. Bd2 fxe4
15. Bxe4 Bf5 16. Bxf5 Nxf5 17. Bc3 Ra4 18. Bd2 Re4+ 19. Kf1 O-O 20. Re1 Rxe1+
21. Kxe1 Nfd4 22. Nxd4 Nxd4 23. Kd1 Nf3 24. Be3 Nh4 25. Rg1 Nf5 26. Rg4 Re8 27.
Kd2 d5 28. Rg5 g6 29. c3 c5 30. Kd3 Rd8 31. Bd2 d4 32. c4 Ra8 33. Rg4 Ra4 34.
Bc1 Ra8 35. h4 Kf7 36. Bd2 h6 37. Bc1 Nd6 38. Rg1 Rc8 39. Rh1 b5 40. cxb5 Nxb5
41. h5 b6 42. hxg6+ Kxg6 43. f5+ Kxf5 44. Rxh6 c4+ 45. Kd2 Rb8 46. Rh5+ Ke4 47.
Rxb5 Rf8 48. Ke1 Kd3 49. Rg5 Rh8 50. Rg1 Kc2 51. Ke2 d3+ 52. Ke3 Re8+ 53. Kd4
Rc8 54. Bf4 c3 55. bxc3 Rxc3 56. Rc1+ 1-0

[Event "POLFINAL MISTRZOSTW POLSKI JUNIOROW 2016 - D13"]
[Site "Centrum Kongresow i Rekreacji Orle Gniazdo ul. Wrzosowa 28a, Szczyrk"]
[Date "1899-12-30"]
[Round "1.3"]
[White "Musin, Oliwia"]
[Black "Chrobot, Patrycja"]
[Result "0-1"]
[WhiteTitle "II"]
[BlackTitle "I"]
[WhiteElo "1099"]
[BlackElo "1300"]

1. c4 e6 2. Nc3 c5 3. g3 Nf6 4. Bg2 Be7 5. e3 O-O 6. Nge2 a6 7. O-O Qc7 8. b3 d6
9. Bb2 Bd7 10. Ne4 Nxe4 11. Bxe4 Bc6 12. Qc2 Bxe4 13. Qxe4 Nd7 14. Qg2 Nf6 15.
Nc3 Rfd8 16. d4 d5 17. cxd5 cxd4 18. exd4 Nxd5 19. Qf3 Nxc3 20. Qxc3 Qxc3 21.
Bxc3 Rac8 22. Bb2 Bf6 23. Rfd1 Rd5 24. Rac1 Rcd8 25. Rc7 b5 26. Rc6 a5 27. Kf1
e5 28. Ra6 b4 29. Rc6 exd4 30. Ke1 h6 31. Kd2 Be7 32. Kd3 Kf8 33. Re1 Rh5 34.
h4 Rf5 35. f4 Rfd5 36. Rc4 Bc5 37. Rc2 f5 38. Rce2 Bb6 39. Re6 R8d6 40. Rxd6 Rxd6
41. Bc1 Kf7 42. Bd2 Rg6 43. Rg1 Ke6 44. Re1+ Kd6 45. Rg1 Kd5 46. Rg2 Bc5 47. Rg1
Kc6 48. Rg2 Kb5 49. Be1 a4 50. Re2 axb3 51. axb3 Ra6 52. Bf2 Ra3 53. Rb2 Ra1 54.
Kd2 Rf1 55. Ke2 Rc1 56. Kd2 Rc3 57. Be1 Re3 58. Bf2 Rf3 59. Ke2 Rc3 60. Be1 Re3+
61. Kd2 d3 62. Kd1 Bd4 63. Bf2 Re4 64. Bxd4 Rxd4 65. Kd2 Kc5 66. Rb1 Kd5 67. Re1
Re4 68. Rg1 Kd4 69. Rc1 Re2+ 70. Kd1 Ke3 71. Rc6 Kf3 72. Rd6 d2 73. Rd3+ Re3 74.
Kxd2 Rxd3+ 75. Kxd3 Kxg3 76. Kc4 Kxf4 77. Kxb4 Ke4 78. Kc5 f4 79. b4 f3 80. b5
f2 81. b6 f1=Q 0-1

[Event "POLFINAL MISTRZOSTW POLSKI JUNIOROW 2016 - D13"]
[Site "Centrum Kongresow i Rekreacji Orle Gniazdo ul. Wrzosowa 28a, Szczyrk"]
[Date "1899-12-30"]
[Round "1.4"]
[White "Zaborowska, Maria"]
[Black "Szelejewska, Maria"]
[Result "1-0"]
[WhiteTitle "I"]
[BlackTitle "II+"]
[WhiteElo "1263"]
[BlackElo "1049"]

1. c4 e5 2. Nc3 Nf6 3. Nf3 Nc6 4. g3 d5 5. d4 exd4 6. Nxd4 Nxd4 7. Qxd4 dxc4 8.
Qxd8+ Kxd8 9. Bf4 Bc5 10. Rd1+ Bd7 11. e3 Bb6 12. Bxc4 Ke7 13. Bg5 Bg4 14. Be2
Bxe2 15. Kxe2 Ke6 16. Bxf6 Kxf6 17. Nd5+ Ke6 18. Nxb6 axb6 19. a3 Rhd8 20. f4
f5 21. h3 g6 22. g4 h6 23. Kf3 Rd5 24. gxf5+ Rxf5 25. h4 Rb5 26. Rhg1 Rg8 27.
Rd2 Rb3 28. Rc1 Rg7 29. Rc3 Rb5 30. Rdc2 Kd6 31. e4 Rc5 32. e5+ Kc6 33. Rxc5+
bxc5 34. b4 b6 35. bxc5 bxc5 36. Ke4 Rd7 37. e6 Rd5 38. e7 Rd4+ 39. Ke5 Kd7 40.
Rxc5 Rd1 41. Kf6 Re1 42. Re5 Rxe5 43. fxe5 Ke8 44. Ke6 g5 45. hxg5 hxg5 46. Kf5
Kxe7 47. a4 c5 48. a5 c4 49. a6 c3 50. a7 c2 51. a8=Q c1=Q 52. Qb7+ Kd8 53. Qb8+
Kd7 54. e6+ Ke7 55. Qb4+ Ke8 56. Qb8+ Ke7 57. Qa7+ Kd6 58. Qd7+ Kc5 59. Qc7+ Kd4
60. Qxc1 1-0

[Event "POLFINAL MISTRZOSTW POLSKI JUNIOROW 2016 - D13"]
[Site "Centrum Kongresow i Rekreacji Orle Gniazdo ul. Wrzosowa 28a, Szczyrk"]
[Date "1899-12-30"]
[Round "2.1"]
[White "Wojtas, Julia"]
[Black "Zaborowska, Maria"]
[Result "1-0"]
[WhiteTitle "I"]
[BlackTitle "I"]
[WhiteElo "1387"]
[BlackElo "1263"]

1. e4 c5 2. Nf3 e6 3. d4 cxd4 4. Nxd4 Nf6 5. Nc3 Bb4 6. Bg5 d6 7. Be2 a6 8. O-O
O-O 9. f4 e5 10. fxe5 dxe5 11. Bxf6 gxf6 12. Nf5 Bxc3 13. bxc3 Bxf5 14. Rxf5 Qb6+
15. Kh1 Rd8 16. Bd3 Nd7 17. Qg4+ Kf8 18. Qh5 Ke7 19. Bc4 Rf8 20. Rd1 Rac8 21.
Bxf7 Nc5 22. Bb3 Rcd8 23. Qxh7+ Ke8 24. Qg6+ Ke7 25. Re1 Nxe4 26. Rxe5+ 1-0

[Event "POLFINAL MISTRZOSTW POLSKI JUNIOROW 2016 - D13"]
[Site "Centrum Kongresow i Rekreacji Orle Gniazdo ul. Wrzosowa 28a, Szczyrk"]
[Date "1899-12-30"]
[Round "2.2"]
[White "Mytnik, Kinga"]
[Black "Nowicka, Julia"]
[Result "0-1"]
[WhiteTitle "I"]
[BlackTitle "I"]
[WhiteElo "1241"]
[BlackElo "1330"]

1. e4 e5 2. Nf3 Nc6 3. Nc3 Nf6 4. d4 exd4 5. Nxd4 Bb4 6. Nxc6 bxc6 7. Bd3 O-O 8.
O-O d5 9. exd5 cxd5 10. Na4 c6 11. Bg5 Qd6 12. c4 Ng4 13. g3 Qe5 14. h4 dxc4 15.
Be2 Nf6 16. a3 Ba5 17. Kh2 Qe6 18. Bxf6 Qxf6 19. Bxc4 Qf5 20. Bd3 Qh3+ 21. Kg1
Bg4 22. Be2 Bxe2 23. Qxe2 f5 24. Qa6 f4 25. f3 Qxg3+ 26. Kh1 Qxh4+ 27. Kg1 Qg3+
28. Kh1 Rf6 29. Qc4+ Kh8 30. Qc2 Rh6+ 31. Qh2 Rxh2# 0-1

[Event "POLFINAL MISTRZOSTW POLSKI JUNIOROW 2016 - D13"]
[Site "Centrum Kongresow i Rekreacji Orle Gniazdo ul. Wrzosowa 28a, Szczyrk"]
[Date "1899-12-30"]
[Round "2.4"]
[White "Szelejewska, Maria"]
[Black "Laszczuk, Zuzanna"]
[Result "1/2-1/2"]
[WhiteTitle "II+"]
[BlackTitle "I"]
[WhiteElo "1049"]
[BlackElo "1229"]

1. e4 e5 2. Nf3 Nc6 3. Bb5 Bc5 4. Nc3 Nf6 5. d3 O-O 6. Bxc6 dxc6 7. Nxe5 Qd4 8.
Be3 Qxe5 9. d4 Qe7 10. dxc5 Nxe4 11. Nxe4 Qxe4 12. O-O Be6 13. Qd3 Qxd3 14. cxd3
Rfd8 15. Rfd1 Rd7 16. b3 h6 17. Rac1 g5 18. f3 Re8 19. Rc2 Bf5 20. Bf2 Rxd3 21.
Rxd3 Bxd3 22. Rd2 Bf5 23. Bg3 Rc8 24. Re2 Be6 25. Re5 Rd8 26. Re2 Rd7 27. f4 g4
28. Kf1 Kg7 29. Ke1 b6 30. Bf2 Rd5 31. Re5 Rxe5+ 32. fxe5 Bd5 33. Bd4 Bxg2 34.
cxb6 cxb6 35. e6+ f6 36. e7 Kf7 37. Bxf6 c5 38. Kd2 Bc6 39. Bh4 Ke6 40. Kc3 Ke5
41. Kd3 Kf4 42. Bg3+ Kf3 43. Bb8 a6 44. Kc4 Kg2 45. Kd3 h5 46. Ke3 h4 47. Kf4
Bd7 48. e8=Q Bxe8 49. Kxg4 h3 50. Bg3 b5 51. Kf4 Bf7 52. Ke3 a5 53. Kd2 Kf3 54.
Bd6 c4 55. bxc4 Bxc4 56. a3 Ke4 57. Kc3 Kd5 58. Be7 Ke6 59. Bc5 1/2-1/2

[Event "POLFINAL MISTRZOSTW POLSKI JUNIOROW 2016 - D13"]
[Site "Centrum Kongresow i Rekreacji Orle Gniazdo ul. Wrzosowa 28a, Szczyrk"]
[Date "1899-12-30"]
[Round "2.5"]
[White "Bednarska, Julita"]
[Black "Musin, Oliwia"]
[Result "1-0"]
[WhiteTitle "II"]
[BlackTitle "II"]
[WhiteElo "1169"]
[BlackElo "1099"]

1. e4 e5 2. Nf3 Nf6 3. Nc3 Nc6 4. Bc4 Bb4 5. d3 d6 6. O-O O-O 7. h3 h6 8. Be3 Bxc3
9. bxc3 Qe7 10. Rb1 b6 11. Re1 Nd8 12. Bd2 Be6 13. Bb3 c5 14. Rb2 Bxb3 15. cxb3
Ne6 16. Qe2 Rac8 17. Nh4 Qc7 18. Nf5 Kh7 19. Qf3 h5 20. Ng3 Qe7 21. Nxh5 Nxh5
22. Qxh5+ Kg8 23. Rf1 Qf6 24. Qg4 Rc6 25. Rc2 a5 26. f4 exf4 27. Bxf4 Nxf4 28.
Rxf4 Qe7 29. h4 Rd8 30. Rcf2 Rf8 31. h5 f6 32. h6 Rc7 33. hxg7 Qxg7 34. Qe6+ Qf7
35. Qxf6 Qxf6 36. Rxf6 Rxf6 37. Rxf6 Rd7 38. Kf2 Kg7 39. Rf3 b5 40. g4 Rd8 41.
Kg3 Rf8 42. Rxf8 Kxf8 43. Kf4 Kf7 44. Kf5 a4 45. b4 cxb4 46. cxb4 a3 47. d4 Ke7
48. Kg6 Ke6 49. g5 d5 50. e5 Ke7 51. Kh7 Ke6 52. g6 1-0

[Event "POLFINAL MISTRZOSTW POLSKI JUNIOROW 2016 - D13"]
[Site "Centrum Kongresow i Rekreacji Orle Gniazdo ul. Wrzosowa 28a, Szczyrk"]
[Date "1899-12-30"]
[Round "3.1"]
[White "Nowicka, Julia"]
[Black "Wojtas, Julia"]
[Result "0-1"]
[WhiteTitle "I"]
[BlackTitle "I"]
[WhiteElo "1330"]
[BlackElo "1387"]

1. e4 c5 2. Nf3 d6 3. d4 cxd4 4. Nxd4 Nf6 5. Nc3 a6 6. Be3 e5 7. Nb3 Be6 8. Be2
Be7 9. Qd2 Nbd7 10. h3 O-O 11. g4 b5 12. g5 b4 13. gxf6 bxc3 14. Qxc3 Nxf6 15.
f3 Rc8 16. Qd2 d5 17. Bxa6 Ra8 18. Bd3 d4 19. Bf2 Qb6 20. Kd1 Bxb3 21. cxb3 Rxa2
22. Rxa2 Qxb3+ 23. Ke2 Qxa2 24. Rb1 Nh5 25. Kf1 Nf4 26. Bg3 Bb4 27. Qc2 Qe6 28.
Bxf4 Qxh3+ 29. Kf2 exf4 30. Rg1 Qh4+ 31. Kf1 Qe1+ 32. Kg2 Qg3+ 33. Kh1 Qh3+ 34.
Qh2 Qxf3+ 35. Qg2 Qh5+ 36. Qh2 Qxh2+ 37. Kxh2 f6 38. Rg4 Rc8 39. Rxf4 Bd6 40.
Kg3 g5 0-1

[Event "POLFINAL MISTRZOSTW POLSKI JUNIOROW 2016 - D13"]
[Site "Centrum Kongresow i Rekreacji Orle Gniazdo ul. Wrzosowa 28a, Szczyrk"]
[Date "1899-12-30"]
[Round "3.2"]
[White "Zaborowska, Maria"]
[Black "Chrobot, Patrycja"]
[Result "1/2-1/2"]
[WhiteTitle "I"]
[BlackTitle "I"]
[WhiteElo "1263"]
[BlackElo "1300"]

1. c4 e6 2. Nc3 c5 3. Nf3 Nf6 4. g3 Be7 5. Bg2 O-O 6. O-O a6 7. d3 d6 8. a3 Bd7
9. b4 d5 10. bxc5 Bxc5 11. d4 Be7 12. cxd5 Nxd5 13. Nxd5 exd5 14. Ne5 Be6 15.
f4 f6 16. f5 Bc8 17. Nd3 b5 18. Qb3 Bb7 19. Nf4 Qd6 20. Bxd5+ Bxd5 21. Qxd5+ Qxd5
22. Nxd5 Bd6 23. Bf4 Bxf4 24. Nxf4 Rd8 25. Ne6 Rd6 26. e4 Nc6 27. Rfd1 Rb8 28.
Rab1 a5 29. Rd2 b4 30. axb4 axb4 31. d5 Ne5 32. Rdb2 Rdb6 33. Nd4 Kf7 34. Nc6
Nxc6 35. dxc6 Rxc6 36. Rxb4 Rxb4 37. Rxb4 Rc2 38. Rb7+ Kf8 39. Rb8+ Kf7 40. Rb7+
Kf8 41. Rb8+ Kf7 1/2-1/2

[Event "POLFINAL MISTRZOSTW POLSKI JUNIOROW 2016 - D13"]
[Site "Centrum Kongresow i Rekreacji Orle Gniazdo ul. Wrzosowa 28a, Szczyrk"]
[Date "1899-12-30"]
[Round "3.5"]
[White "Musin, Oliwia"]
[Black "Szelejewska, Maria"]
[Result "0-1"]
[WhiteTitle "II"]
[BlackTitle "II+"]
[WhiteElo "1099"]
[BlackElo "1049"]

1. c4 e5 2. Nc3 Nf6 3. g3 c6 4. Bg2 d5 5. cxd5 cxd5 6. e3 Nc6 7. Nge2 Be7 8. O-O
Be6 9. d4 e4 10. a3 Qd7 11. Re1 O-O 12. b4 Rac8 13. Bb2 a6 14. Qb3 Bd6 15. Na4
Qd8 16. Nc5 Qe7 17. Rac1 Bb8 18. Qa4 Nd7 19. Ba1 Nb6 20. Qb3 Nc4 21. Bc3 Na7 22.
Nxe6 fxe6 23. Rcd1 Qf7 24. Rf1 Qh5 25. Nf4 Bxf4 26. exf4 Nb5 27. Bb2 Ncxa3 28.
Bxa3 Rc3 29. Qb2 Rxa3 30. Rc1 Rd3 31. Rc5 Nxd4 32. Kh1 Nb5 33. Rfc1 Rd1+ 0-1

[Event "POLFINAL MISTRZOSTW POLSKI JUNIOROW 2016 - D13"]
[Site "Centrum Kongresow i Rekreacji Orle Gniazdo ul. Wrzosowa 28a, Szczyrk"]
[Date "1899-12-30"]
[Round "4.1"]
[White "Wojtas, Julia"]
[Black "Chrobot, Patrycja"]
[Result "1/2-1/2"]
[WhiteTitle "I"]
[BlackTitle "I"]
[WhiteElo "1387"]
[BlackElo "1300"]

1. e4 e6 2. d4 d5 3. Nc3 Bb4 4. e5 Bxc3+ 5. bxc3 Ne7 6. Qg4 O-O 7. Bd3 f5 8. exf6
Rxf6 9. Bg5 Rf7 10. Qg3 c5 11. Nf3 Nbc6 12. O-O c4 13. Be2 Qa5 14. Ne5 Nf5 15.
Qh3 Nxe5 16. dxe5 Qc7 17. f4 Qb6+ 18. Kh1 h6 19. Bh4 Nxh4 20. Qxh4 Qb2 21. Qd8+
Rf8 22. Qd6 Qxc2 23. Bg4 Qg6 24. h3 Qf7 25. Rab1 b6 26. Rfd1 Re8 27. a4 Qe7 28.
Qxe7 Rxe7 29. f5 exf5 30. Bf3 Bb7 31. Bxd5+ Bxd5 32. Rxd5 Rae8 33. Rb4 Rxe5 34.
Rd7 R5e7 35. Rxe7 Rxe7 36. Rxc4 Kf7 37. Kg1 Ke6 38. Kf2 Kd5 39. Rd4+ Kc5 40. Kf3
g5 41. h4 a5 42. g3 Re4 43. Rxe4 fxe4+ 44. Kxe4 gxh4 45. gxh4 b5 46. axb5 Kxb5
47. Kd3 a4 48. Kc2 h5 49. Kb2 Kc4 50. Ka3 Kxc3 51. Kxa4 Kd3 52. Kb3 Ke3 53. Kc3
Kf3 54. Kd2 Kg3 55. Ke2 Kxh4 56. Kf2 Kh3 57. Kg1 Kg3 58. Kh1 h4 59. Kg1 1/2-1/2

[Event "POLFINAL MISTRZOSTW POLSKI JUNIOROW 2016 - D13"]
[Site "Centrum Kongresow i Rekreacji Orle Gniazdo ul. Wrzosowa 28a, Szczyrk"]
[Date "1899-12-30"]
[Round "4.3"]
[White "Szelejewska, Maria"]
[Black "Nowicka, Julia"]
[Result "1-0"]
[WhiteTitle "II+"]
[BlackTitle "I"]
[WhiteElo "1049"]
[BlackElo "1330"]

1. e4 e5 2. Nf3 Nc6 3. Bb5 a6 4. Ba4 Nf6 5. d3 b5 6. Bb3 Be7 7. O-O O-O 8. Re1
d6 9. c3 Na5 10. Bc2 c5 11. Nbd2 Qc7 12. Nf1 Be6 13. Ne3 Rfd8 14. Nf5 Bxf5 15.
exf5 Rac8 16. Ng5 h6 17. Ne4 Qd7 18. Qf3 Nxe4 19. Rxe4 Bf6 20. Qh5 Kh7 21. Bd2
Nc6 22. g4 Rf8 23. Kh1 Qd8 24. Rf1 d5 25. Ree1 d4 26. Re4 dxc3 27. Bxc3 b4 28.
Bd2 Nd4 29. Bd1 Nb5 30. Qh3 Nd6 31. Re2 Rc7 32. Rg1 Bg5 33. Bxg5 Qxg5 34. Rxe5
Qf6 35. Qe3 Nb7 36. Bf3 Rfc8 37. b3 Nd6 38. Rc1 Qg5 39. Qe1 Qf4 40. Qe3 Qg5 41.
h3 Qh4 42. Bg2 h5 43. Qf3 hxg4 44. Qxg4 Qxf2 45. Be4 Nxe4 46. Rg1 f6 47. Rxe4
Rh8 48. Qh5+ Kg8 49. Re8# 1-0

[Event "POLFINAL MISTRZOSTW POLSKI JUNIOROW 2016 - D13"]
[Site "Centrum Kongresow i Rekreacji Orle Gniazdo ul. Wrzosowa 28a, Szczyrk"]
[Date "1899-12-30"]
[Round "4.4"]
[White "Laszczuk, Zuzanna"]
[Black "Zaborowska, Maria"]
[Result "0-1"]
[WhiteTitle "I"]
[BlackTitle "I"]
[WhiteElo "1229"]
[BlackElo "1263"]

1. e4 c5 2. Nc3 a6 3. g3 Nc6 4. Bg2 Nf6 5. d3 d6 6. f4 Bg4 7. Nge2 e5 8. f5 Nd4
9. O-O b5 10. Be3 b4 11. Bxd4 cxd4 12. Na4 Be7 13. c3 dxc3 14. bxc3 a5 15. d4
Qc7 16. Rc1 Qa7 17. Kh1 O-O 18. Qd3 bxc3 19. Naxc3 Bxe2 20. Nxe2 Rfd8 21. h3 d5
22. exd5 Nxd5 23. Nc3 Nxc3 24. Rxc3 exd4 25. Rc4 Rac8 26. Be4 Rxc4 27. Qxc4 Qd7
28. Rb1 d3 29. Rb7 Qd6 30. Bf3 d2 31. Rb1 Qxg3 32. Bg4 Qe1+ 33. Qf1 Qe4+ 34. Bf3
Qxf5 35. Qg2 Qxb1+ 36. Qg1 Qxg1+ 37. Kxg1 d1=Q+ 38. Bxd1 Rxd1+ 39. Kf2 Rd2+ 40.
Ke3 Rxa2 41. Kd4 Rb2 42. Kc3 Bf6+ 43. Kc4 a4 44. Kc5 a3 45. Kd5 a2 46. Ke4 a1=Q
47. Kd5 Qc1 48. Ke4 Rd2 49. h4 Qe1+ 50. Kf4 Rf2+ 51. Kg4 Qg1+ 52. Kh5 Qg6# 0-1

[Event "POLFINAL MISTRZOSTW POLSKI JUNIOROW 2016 - D13"]
[Site "Centrum Kongresow i Rekreacji Orle Gniazdo ul. Wrzosowa 28a, Szczyrk"]
[Date "1899-12-30"]
[Round "4.5"]
[White "Mytnik, Kinga"]
[Black "Musin, Oliwia"]
[Result "1-0"]
[WhiteTitle "I"]
[BlackTitle "II"]
[WhiteElo "1241"]
[BlackElo "1099"]

1. e4 d5 2. exd5 Nf6 3. d4 Nxd5 4. Nf3 Bg4 5. c4 Nf6 6. Nc3 e6 7. Be2 Be7 8. h3
Bh5 9. Qb3 b6 10. O-O O-O 11. Be3 Nbd7 12. Rad1 Qc8 13. Qc2 c5 14. d5 exd5 15.
Nxd5 Nxd5 16. Rxd5 Nf6 17. Rd2 Rd8 18. Rfd1 Qc7 19. Nh4 Bxe2 20. Rxd8+ Rxd8 21.
Rxd8+ Bxd8 22. Qxe2 Qd7 23. Qf3 Ne8 24. Nf5 Bf6 25. b3 g6 26. Nh6+ Kg7 27. Ng4
Bd4 28. Bh6+ Kg8 29. Qg3 Qc7 30. Bf4 Qe7 31. Nh6+ Kg7 32. Nf5+ 1-0

[Event "POLFINAL MISTRZOSTW POLSKI JUNIOROW 2016 - D13"]
[Site "Centrum Kongresow i Rekreacji Orle Gniazdo ul. Wrzosowa 28a, Szczyrk"]
[Date "1899-12-30"]
[Round "5.1"]
[White "Bednarska, Julita"]
[Black "Wojtas, Julia"]
[Result "0-1"]
[WhiteTitle "II"]
[BlackTitle "I"]
[WhiteElo "1169"]
[BlackElo "1387"]

1. e4 e6 2. d4 d5 3. Nc3 Nf6 4. Bd3 c5 5. exd5 exd5 6. dxc5 Bxc5 7. Nf3 O-O 8.
O-O Nc6 9. Bg5 Be6 10. Bxf6 Qxf6 11. Nxd5 Bxd5 12. Bxh7+ Kxh7 13. Qxd5 Be7 14.
c3 Rad8 15. Qb5 Rd7 16. Qh5+ Kg8 17. h4 Qh6 18. Qf5 Rfd8 19. g3 Rd5 20. Qe4 f5
21. Qe2 Qh5 22. Rae1 f4 23. Qe6+ Kh8 24. Kg2 Rd3 25. g4 Qd5 26. Qxd5 R8xd5 27.
Re4 Rb5 28. b3 Rxc3 29. Rxf4 Rc2 30. Ra1 Bf6 31. Re1 Rxa2 32. g5 Be5 33. g6 Kg8
34. Rfe4 Bd6 35. Nd4 Re5 36. Nxc6 Rxe4 37. Rxe4 bxc6 38. Re6 Bc5 39. Re8+ Bf8
40. Rc8 Ra6 41. Kg3 Rb6 42. Kg4 Rxb3 43. Rxc6 Rb6 44. Rxb6 axb6 45. Kf3 b5 46.
Ke3 b4 47. Kd3 Bc5 48. f4 Kf8 49. f5 Ke7 50. h5 Kf6 51. Kc4 Kxf5 52. h6 Kxg6 53.
hxg7 Kxg7 54. Kb3 Kf6 55. Kb2 Ke5 56. Kb3 Kd4 57. Kb2 Kc4 58. Kc2 b3+ 59. Kb2
Kb4 60. Kb1 Ka3 0-1

[Event "POLFINAL MISTRZOSTW POLSKI JUNIOROW 2016 - D13"]
[Site "Centrum Kongresow i Rekreacji Orle Gniazdo ul. Wrzosowa 28a, Szczyrk"]
[Date "1899-12-30"]
[Round "5.2"]
[White "Chrobot, Patrycja"]
[Black "Szelejewska, Maria"]
[Result "1-0"]
[WhiteTitle "I"]
[BlackTitle "II+"]
[WhiteElo "1300"]
[BlackElo "1049"]

1. e4 c5 2. Nf3 d6 3. d4 cxd4 4. Nxd4 Nf6 5. Nc3 a6 6. f3 e6 7. Be3 b5 8. Qd2 Bb7
9. Bd3 Nbd7 10. Qf2 Rc8 11. Nb3 g6 12. O-O Bg7 13. Ne2 O-O 14. c3 Ne5 15. Rad1
Nxd3 16. Rxd3 Qe7 17. e5 dxe5 18. Bc5 Qc7 19. Bxf8 Bxf8 20. Kh1 e4 21. fxe4 Bxe4
22. Rd2 Bg7 23. Qh4 Qc4 24. Qf4 Qc6 25. Ned4 Qb7 26. Rfd1 Nh5 27. Qf2 h6 28. Kg1
Nf6 29. Nf3 Ng4 30. Qe2 Kh7 31. Ng5+ hxg5 32. Qxg4 Bh6 33. Rd7 Qb6+ 34. Kf1 Rf8
35. Qxe4 Qb8 36. g3 Bg7 37. R7d6 Qc8 38. Qc6 Be5 39. Qxc8 Rxc8 40. Rxa6 Rb8 41.
Nd4 g4 42. Nc6 Bc7 43. Nxb8 Bxb8 44. Rb6 Be5 45. Rxb5 Bf6 46. a4 Kg7 47. a5 Be7
48. a6 g5 49. a7 Kf6 50. a8=Q Kg7 51. Qe8 Bf6 52. Rd7 Kg6 53. Qxf7+ Kh6 54. Qh7#
1-0

[Event "POLFINAL MISTRZOSTW POLSKI JUNIOROW 2016 - D13"]
[Site "Centrum Kongresow i Rekreacji Orle Gniazdo ul. Wrzosowa 28a, Szczyrk"]
[Date "1899-12-30"]
[Round "5.3"]
[White "Zaborowska, Maria"]
[Black "Mytnik, Kinga"]
[Result "0-1"]
[WhiteTitle "I"]
[BlackTitle "I"]
[WhiteElo "1263"]
[BlackElo "1241"]

1. d4 d5 2. Nf3 Nf6 3. g3 Nc6 4. Bg2 Bg4 5. Nbd2 e6 6. O-O Be7 7. b3 O-O 8. Bb2
Re8 9. c4 dxc4 10. bxc4 Bxf3 11. Nxf3 Rb8 12. a3 b6 13. Re1 Bd6 14. e4 e5 15.
d5 Na5 16. Rc1 Qe7 17. Qd3 Nd7 18. Re3 Nc5 19. Qc2 Nd7 20. Bh3 Rbd8 21. Bxd7 Rxd7
22. Nh4 g6 23. Qe2 Qd8 24. Ng2 Bf8 25. Rf1 Bg7 26. Bc3 Nb7 27. f4 Nc5 28. fxe5
Bxe5 29. Bxe5 Rxe5 30. Re1 Rde7 31. Kf2 Rxe4 32. Qc2 Rxe3 33. Nxe3 Re5 34. Kg2
Qe7 35. Qd2 Nd7 36. Qc3 Qf6 37. Qd2 h5 38. Rf1 Qe7 39. Re1 Qxa3 40. h3 a5 41.
g4 Qe7 42. Kg3 Nc5 43. Kg2 hxg4 44. hxg4 a4 45. Qc3 Ne4 46. Qc2 Ng5 47. Qc3 Qf6
48. Rf1 Qe7 49. Re1 Ne4 50. Qb2 a3 51. Qd4 a2 52. Ra1 Qf6 53. Rxa2 Qd6 54. Re2
0-1

[Event "POLFINAL MISTRZOSTW POLSKI JUNIOROW 2016 - D13"]
[Site "Centrum Kongresow i Rekreacji Orle Gniazdo ul. Wrzosowa 28a, Szczyrk"]
[Date "1899-12-30"]
[Round "6.1"]
[White "Wojtas, Julia"]
[Black "Mytnik, Kinga"]
[Result "0-1"]
[WhiteTitle "I"]
[BlackTitle "I"]
[WhiteElo "1387"]
[BlackElo "1241"]

1. e4 e5 2. Nf3 Nf6 3. d4 Nxe4 4. Bd3 d5 5. Nxe5 Nd7 6. Nxd7 Bxd7 7. O-O Be7 8.
c4 c6 9. cxd5 cxd5 10. Nc3 Nxc3 11. bxc3 O-O 12. Qh5 g6 13. Qxd5 Bc6 14. Qxd8
Rfxd8 15. Bf4 Rac8 16. Rfe1 Ba3 17. Rab1 Rd7 18. Be5 Kf8 19. c4 Be7 20. d5 Ba4
21. Bd4 a6 22. h3 b5 23. Rec1 Ba3 24. Bb2 Bxb2 25. Rxb2 Rxd5 26. cxd5 Rxc1+ 27.
Kh2 Rd1 28. Be4 Rd4 29. Re2 Bd1 30. Re1 f5 31. Bb1 Rxd5 32. Re6 a5 33. Ra6 b4
34. Ra7 h5 35. Ra6 Kf7 36. Ra7+ Kf6 37. Ra6+ Kg7 38. g4 hxg4 39. hxg4 Bxg4 40.
Kg3 Be2 41. Ra7+ Kf6 42. Bc2 g5 43. Bb3 f4+ 44. Kg2 Rc5 45. Rf7+ Kg6 46. Re7 Bc4
47. f3 Bxb3 48. axb3 Rc2+ 49. Kh3 Rc3 50. Re6+ Kf5 51. Re2 Rxf3+ 52. Kh2 Rxb3
53. Kh1 f3 54. Rf2 g4 55. Kh2 Kf4 56. Rf1 g3+ 57. Kh3 g2 58. Kh2 gxf1=N+ 0-1

[Event "POLFINAL MISTRZOSTW POLSKI JUNIOROW 2016 - D13"]
[Site "Centrum Kongresow i Rekreacji Orle Gniazdo ul. Wrzosowa 28a, Szczyrk"]
[Date "1899-12-30"]
[Round "6.2"]
[White "Chrobot, Patrycja"]
[Black "Nowicka, Julia"]
[Result "1-0"]
[WhiteTitle "I"]
[BlackTitle "I"]
[WhiteElo "1300"]
[BlackElo "1330"]

1. e4 e5 2. Nf3 Nc6 3. d4 exd4 4. Nxd4 Bc5 5. Nxc6 Qf6 6. Qf3 dxc6 7. Bc4 Qxf3
8. gxf3 Ne7 9. Be3 Bxe3 10. fxe3 Be6 11. Bxe6 fxe6 12. Nd2 O-O-O 13. O-O-O Rhf8
14. f4 Ng8 15. Nf3 Nf6 16. e5 Nd5 17. Rde1 h6 18. h4 Ne7 19. Nd4 Rg8 20. Nxe6
Rd7 21. Nd4 Nd5 22. Nf3 Rf7 23. Rhg1 Ne7 24. Re2 Nf5 25. e4 Ne7 26. f5 c5 27.
e6 Rff8 28. h5 g6 29. hxg6 Nxg6 30. Reg2 Ne7 31. Rxg8 Nxg8 32. Rh1 Rf6 33. Ne5
Rf8 34. Ng4 Nf6 35. e7 Re8 36. Nxf6 Rxe7 37. Rxh6 1-0

[Event "POLFINAL MISTRZOSTW POLSKI JUNIOROW 2016 - D13"]
[Site "Centrum Kongresow i Rekreacji Orle Gniazdo ul. Wrzosowa 28a, Szczyrk"]
[Date "1899-12-30"]
[Round "6.3"]
[White "Laszczuk, Zuzanna"]
[Black "Bednarska, Julita"]
[Result "0-1"]
[WhiteTitle "I"]
[BlackTitle "II"]
[WhiteElo "1229"]
[BlackElo "1169"]

1. e4 e6 2. d4 d5 3. Nc3 Nf6 4. Bg5 Be7 5. e5 Nfd7 6. Bxe7 Qxe7 7. Bd3 O-O 8. Qh5
g6 9. Qh6 f6 10. Nf3 Nc6 11. Nh4 fxe5 12. Bxg6 exd4 13. Ne2 Qg7 14. Qxg7+ Kxg7
15. Bd3 Nde5 16. Rd1 Nxd3+ 17. Rxd3 e5 18. Rg3+ Kh8 19. Nf3 Bf5 20. c3 dxc3 21.
Nxc3 Nb4 22. O-O e4 23. Nh4 c6 24. f3 e3 25. Rg5 Bd3 26. Rc1 Rae8 27. Rh5 e2 28.
Kf2 Nc2 29. Nxe2 Rxe2+ 30. Kg1 Rfe8 31. Rd1 Re1+ 32. Rxe1 Rxe1+ 33. Kf2 Re2+ 34.
Kg1 Nd4 35. Rg5 Rxb2 36. Re5 b5 37. f4 Ne2+ 38. Kf1 Nxf4+ 39. Ke1 Nxg2+ 40. Nxg2
Rxg2 41. Re8+ Rg8 42. Re6 c5 43. Re5 Bc4 44. a3 a5 45. h4 b4 46. axb4 axb4 0-1

[Event "POLFINAL MISTRZOSTW POLSKI JUNIOROW 2016 - D13"]
[Site "Centrum Kongresow i Rekreacji Orle Gniazdo ul. Wrzosowa 28a, Szczyrk"]
[Date "1899-12-30"]
[Round "7.1"]
[White "Bednarska, Julita"]
[Black "Chrobot, Patrycja"]
[Result "1/2-1/2"]
[WhiteTitle "II"]
[BlackTitle "I"]
[WhiteElo "1169"]
[BlackElo "1300"]

1. d4 d5 2. e3 e6 3. Nf3 Nf6 4. Bd3 Be7 5. Nbd2 O-O 6. Qe2 Nbd7 7. e4 dxe4 8. Nxe4
Nxe4 9. Qxe4 Nf6 10. Qe2 b6 11. O-O Bb7 12. c3 h6 13. Bf4 Bd6 14. Be5 Bxe5 15.
Nxe5 Qd5 16. f3 c5 17. Bc4 Qd6 18. Rad1 Rad8 19. Kh1 Bd5 20. dxc5 Qxc5 21. h3
Bxc4 22. Nxc4 Rd5 23. Rxd5 Nxd5 24. Rd1 Rc8 25. Nd2 Rd8 26. Ne4 Qc7 27. c4 Nf4
28. Rxd8+ Qxd8 29. Qd2 Qxd2 30. Nxd2 Nd3 31. b3 Kf8 32. Kg1 Ke7 33. Kf1 Kd6 34.
a3 a5 35. Ke2 Nf4+ 36. Kf2 Kc5 37. h4 Kd4 38. g3 Nd3+ 39. Ke2 Kc3 40. Ne4+ Kc2
41. Ke3 Nc5 42. b4 axb4 43. axb4 Na6 44. b5 Nc7 45. Kd4 Kb3 46. Nd2+ Kb4 47. f4
f6 48. h5 Ne8 49. Ne4 f5 50. Nc3 Nc7 51. Na2+ Kb3 52. Nc1+ Kb4 53. Na2+ Kb3 54.
Nc1+ 1/2-1/2